LDR 00586naa#a2200169#i#450# 001 EN\INFRA-M\bibl\81390 005 20260517034011.7 011 ## _a2587-6295 100 ## _a20240329b2024####ek#y0engy0150####ca 102 ## _aRU 200 1# _aNordic countries: national and regional branding _eJournal article 210 1# _aMoscow _cINFRA-M Academic Publishing LLC. _d2024 215 ## _a12 с. 608 ## _aJournal article _2local 675 ## _aМеждународные отношения. Мировая политика. Внешняя политика. 327 _z 700 #1 _aVoronkov _gV. V. 856 4# _anaukaru.ru _u